000 00351nam a2200133Ia 4500
008 231129s9999||||xx |||||||||||||| ||spa||
020 _a968-24-1291-9
040 _bspa
082 _a371.148 A543d
100 _aAndueza Maria
245 0 _aDinamica de grupos en educacion
264 _aTrillas
942 _2ddc
_cBKS
999 _c9565
_d9565